| 000 | 01056nam a2200229 i 4500 | ||
|---|---|---|---|
| 001 | 44755 | ||
| 003 | ES-MaACL | ||
| 005 | 20250803063045.0 | ||
| 007 | t| | ||
| 008 | 030324s1916 sp ||||1| spa d | ||
| 100 | 1 |
_aCliment Terrer, Federico, _d1860-ca. 1949 _939265 |
|
| 245 | 1 | 0 |
_aEnseñanzas del Quijote / _cpor Federico Climent Terrer. |
| 260 |
_aBarcelona : _b[s.n.], _c1916 ( _fMariano Galve) |
||
| 300 |
_a352 p., 1 retr. ; _c17 cm. |
||
| 490 | 1 | _aBiblioteca cultura y civismo | |
| 500 | _aBreves comentarios de los pasajes del Quijote en que más declaradamente se manifiesta el optimismo de Cervantes con precedencia al de autores extranjeros. Obra publicada en conmemoración del tricentésimo aniversario de la muerte de Miguel de Cervantes Saavedra. | ||
| 500 | _aCon el retrato de Cervantes. | ||
| 600 | 1 | 4 |
_aCervantes Saavedra, Miguel de, _d1547-1616. _tDon Quijote de la Mancha- _xCrítica e interpretación _937618 |
| 830 | 0 |
_aBiblioteca cultura y civismo _9229909 |
|
| 852 |
_aES-MaACL _jD-739 |
||
| 999 |
_c44755 _d44755 |
||